|
|
|
|
| LEADER |
00000nkm a2200000 a 4500 |
| 001 |
vtls011575384 |
| 003 |
SK-MaSNL |
| 005 |
20260512122921.0 |
| 007 |
kp bo |
| 008 |
231214s1958 xo g kuslo |
| 015 |
|
|
|a SNBG
|
| 035 |
|
|
|a urn:nbn:sk:snk-km00cook
|
| 035 |
|
|
|a urn:nbn:sk:snk-km3lq1u
|
| 035 |
|
|
|a 004C9346-E135-4DB0-A400-3CF2153F36ED
|
| 040 |
|
|
|a SNK
|b slo
|c SNK
|e AACR2
|
| 041 |
0 |
|
|a slo
|
| 043 |
|
|
|a e-xo---
|
| 044 |
|
|
|a xo
|c SK
|
| 080 |
|
|
|a 913(437.6)
|2 2001
|
| 080 |
|
|
|a (084.121)659.1
|2 2011
|
| 080 |
|
|
|a 728.61
|2 2011
|
| 080 |
|
|
|a (084.121)
|2 2011
|
| 245 |
0 |
0 |
|a Soblahovská chata pod Ostrým vrchom
|h grafika
|
| 260 |
|
|
|a Martin
|b Osveta
|a Bratislava
|b PSK-HSV
|c 1958
|
| 300 |
|
|
|a 1 pohľadnica
|b čiernobiela
|c 11 x 15 cm
|
| 520 |
8 |
|
|a Zobrazenie: pohľad na lúku, po ktorej kráča pani s dieťaťom a za nimi je chata
|
| 650 |
0 |
7 |
|a chaty
|2 SNKPH
|9 29339
|
| 651 |
|
7 |
|a Ostrý vrch (Biele Karpaty, Slovensko)
|2 SNKPH
|9 343903
|
| 651 |
|
7 |
|a Soblahov (Slovensko)
|2 SNKPH
|9 16428
|
| 655 |
|
7 |
|a miestne pohľadnice
|2 SNKPH
|9 70510
|
| 655 |
|
7 |
|a reklamné pohľadnice
|2 SNKPH
|9 174471
|
| 852 |
|
|
|a Slovenská národná knižnica
|
| 958 |
|
|
|a GC
|
| 958 |
|
|
|a GBN
|
| 958 |
|
|
|a OND
|
| 999 |
|
|
|c 682004
|d 683934
|
| 952 |
|
|
|a SNK
|b SNK
|y PREZ
|7 0
|p 17A1209472
|o snkSP 27055
|0 0
|1 0
|4 0
|d 2016-08-25
|f 1
|l 0
|r 2026-02-23 20:00:36
|w 2026-02-23
|